Economic Policy January 2006 / (Record no. 6301)

MARC details
000 -LEADER
fixed length control field 01232nam a2200181 4500
001 - CONTROL NUMBER
control field 7381
005 - DATE AND TIME OF LATEST TRANSACTION
control field 20181127183522.0
020 00 - INTERNATIONAL STANDARD BOOK NUMBER
International Standard Book Number 9781405136860 1405136863
100 00 - MAIN ENTRY--PERSONAL NAME
Personal name Menil, Georges De
245 00 - TITLE STATEMENT
Title Economic Policy January 2006 /
Remainder of title
Statement of responsibility, etc. Georges De Menil, ; Portes, Richard
Medium
260 00 - PUBLICATION, DISTRIBUTION, ETC.
Place of publication, distribution, etc.
Name of publisher, distributor, etc. Blackwell Pub
Date of publication, distribution, etc. 2006.
300 00 - PHYSICAL DESCRIPTION
Extent 200 p ; 30 cm.
505 ## - FORMATTED CONTENTS NOTE
Formatted contents note Editors' Introduction. European unemployment: the evolution of facts and ideas (Olivier Blanchard). Financial dollarization: evaluating the consequences (Eduardo Levy Yeyati). Evaluation of currency regimes: the unique role of sudden stops (Assaf Razin and Yona Rubinstein). International competition in corporate taxation: evidence from the OECD time series (Kenneth Steward and Michael Webb)
Miscellaneous information
Statement of responsibility
Title
520 ## - SUMMARY, ETC.
Summary, etc. Economic Policy is written for all those with an informed interest in economic policy problems. All articles are submitted to rigorous scrutiny by a panel of distinguished economists from around the world, resulting in a volume of authoritative and accessible articles, each followed by the comments of panel members.
650 00 - SUBJECT ADDED ENTRY--TOPICAL TERM
Topical term or geographic name entry element Economic policy -- Periodicals.
General subdivision
Topical term or geographic name entry element Economic policy.
General subdivision
Holdings
Withdrawn status Lost status Source of classification or shelving scheme Damaged status Not for loan Collection code Home library Current library Shelving location Serial Enumeration / chronology Inventory number Total Checkouts Full call number Barcode Date last seen Price effective from Koha item type
    Dewey Decimal Classification     Main TEST RTC Library RTC Library Main opac 11339   338 MEN 30011105 27/11/2018 27/11/2018 Main
Royal Thimphu College || All Right Reserved